000 00720cab a2200253 4500
001 WB3503-11
008 090401t1999 xxu||||| |||| 00| 0 eng d
035 _a(Sirsi) u90730
041 _aeng
245 _aBritish paying top dollar for shop space
260 _c1999
350 _a0
490 _aFinancial Times
_v15 January 1999, 8(1)
520 _aAccording to Healey and Baker retail rents in the UK rank amongst the highest in the world.
650 _aLONDON
650 _aMAIN STREETS ACROSS THE WORLD
650 _aOXFORD STREET
650 _aPARIS
650 _aRETAIL RENTS
650 _aZURICH
690 _aPROPERTY-COMMERCIAL PROPERTY-RETAIL PROPERTY
942 _n0
948 _c15/01/1999
999 _c57532
_d57532